Dve podoby bankrotov Právne úpravy v ČR a SR sa rozchádzajú, dlžníci a veritelia ostávajú
Zákon o konkurze a vyrovnaní pod rovnakým číslom 122/1993 Zb. v ČR a SR. Rozdielne postupy a odlišnosti právnych úprav v ČR a SR.
Salvato in:
| Autore principale: | |
|---|---|
| Natura: | Capitolo di libro |
| Lingua: | slovacco |
| Soggetti: | |
| Tags: |
Nessun Tag, puoi essere il primo ad aggiungerne!!
|
MARC
| LEADER | 00000naa a2200000 4500 | ||
|---|---|---|---|
| 001 | r000171 | ||
| 005 | 20221213123239.6 | ||
| 041 | 0 | |a slo | |
| 044 | |a SK | ||
| 245 | 1 | 0 | |a Dve podoby bankrotov |b Právne úpravy v ČR a SR sa rozchádzajú, dlžníci a veritelia ostávajú |c P. Pikna |
| 520 | |a Zákon o konkurze a vyrovnaní pod rovnakým číslom 122/1993 Zb. v ČR a SR. Rozdielne postupy a odlišnosti právnych úprav v ČR a SR. | ||
| 610 | 2 | 0 | |a zákony |
| 610 | 2 | 0 | |a bankrot |
| 610 | 2 | 0 | |a konkurzy |
| 610 | 2 | 0 | |a Česko |
| 610 | 2 | 0 | |a Slovensko |
| 100 | 1 | |a Pikna, P. | |